[Event "Pico City op"]
[Site "Pico City"]
[Date "1996.??.??"]
[Round "6"]
[White "Llanos, Guillermo"]
[Black "Sorin, Ariel"]
[Result "1/2-1/2"]
[WhiteElo "2400"]
[BlackElo "2485"]
[PlyCount "47"]
[EventDate "1996.??.??"]
[EventType "swiss"]
[EventRounds "9"]
[EventCountry "ARG"]
[Source "Fruth,M"]
[SourceDate "2003.05.15"]

1. c4 e6 2. d4 d5 3. Nc3 c5 4. cxd5 cxd4 5. Qa4+ Bd7 6. Qxd4 exd5 7. Qxd5 Nc6
8. a3 Nf6 9. Qd1 Bc5 10. e3 Qe7 11. Nf3 O-O-O 12. Be2 g5 13. O-O g4 14. Nd4 Qe5
15. Ncb5 a6 16. b4 Bb6 17. Bb2 axb5 18. Nxc6 Qxb2 19. Nxd8 Rxd8 20. Qc1+ Qxc1
21. Raxc1+ Kb8 22. Rfd1 Rc8 23. Rxc8+ Kxc8 24. Rd6 1/2-1/2

[Event "Pico City op"]
[Site "Pico City"]
[Date "1996.??.??"]
[Round "6"]
[White "Navarro, Nelson"]
[Black "Bronstein, Luis Marcos"]
[Result "1/2-1/2"]
[WhiteElo "2450"]
[BlackElo "2390"]
[PlyCount "30"]
[EventDate "1996.??.??"]
[EventType "swiss"]
[EventRounds "9"]
[EventCountry "ARG"]
[Source "Fruth,M"]
[SourceDate "2003.05.15"]

1. d4 d5 2. c4 e6 3. Nc3 c5 4. cxd5 cxd4 5. Qxd4 Nc6 6. Qa4 exd5 7. e4 d4 8.
Nd5 Nf6 9. Bg5 Be7 10. Bxf6 Bxf6 11. Bd3 O-O 12. Ne2 Ne5 13. Rd1 Bg4 14. Qa3
Re8 15. O-O Nxd3 1/2-1/2

[Event "San Sebastian op"]
[Site "San Sebastian"]
[Date "1996.??.??"]
[Round "?"]
[White "Gomez, M."]
[Black "Esteban, Jesus Marie"]
[Result "1-0"]
[WhiteElo "2475"]
[BlackElo "2165"]
[PlyCount "55"]
[EventDate "1996.??.??"]
[EventType "swiss"]
[EventCountry "ESP"]
[Source "Fruth,M"]
[SourceDate "2003.05.15"]

1. d4 d5 2. c4 e6 3. Nc3 c5 4. cxd5 cxd4 5. Qa4+ Bd7 6. Qxd4 exd5 7. Qxd5 Nc6
8. Nf3 Nf6 9. Qb3 Bb4 10. e3 Qe7 11. Be2 g5 12. O-O g4 13. Nd4 O-O-O 14. Bd2
Kb8 15. Rfe1 Bc5 16. Bb5 Ne5 17. Rac1 Rhg8 18. Nce2 Ne4 19. Ba5 Rc8 20. Ng3
Nxg3 21. hxg3 h5 22. Ba6 Be6 23. Nxe6 fxe6 24. Bc3 Nc6 25. Bf6 Na5 26. Qc3 Bb4
27. Be5+ Bd6 28. Qxa5 1-0

[Event "W-ch U16 Girls"]
[Site "Menorca"]
[Date "1996.??.??"]
[Round "5"]
[White "Hoang Thanh Trang"]
[Black "Koroljova, Valerija"]
[Result "1-0"]
[WhiteElo "2360"]
[BlackElo "2165"]
[PlyCount "59"]
[EventDate "1996.??.??"]
[EventType "swiss"]
[EventRounds "11"]
[EventCountry "ESP"]
[Source "Fruth,M"]
[SourceDate "2003.05.15"]

1. d4 d5 2. c4 e6 3. Nc3 c5 4. cxd5 cxd4 5. Qa4+ Bd7 6. Qxd4 exd5 7. Qxd5 Nc6
8. Nf3 Nf6 9. Qd1 Bc5 10. e3 Qe7 11. Be2 O-O-O 12. O-O g5 13. Nd4 g4 14. a3 Qe5
15. Qd3 h5 16. Rd1 h4 17. b4 g3 18. f4 gxh2+ 19. Kxh2 Qe8 20. Nxc6 Qg8 21. Nxd8
Qg3+ 22. Kg1 h3 23. Bf3 hxg2 24. Bxb7+ Kb8 25. Bxg2 Rh2 26. Ra2 Ng4 27. Kf1 Rh6
28. Qd5 Qxf4+ 29. exf4 Nh2+ 30. Ke1 1-0

[Event "Werfen op A"]
[Site "Werfen"]
[Date "1996.??.??"]
[Round "7"]
[White "Brglez, Rado"]
[Black "Euler, Gerd"]
[Result "0-1"]
[WhiteElo "2280"]
[BlackElo "2365"]
[PlyCount "72"]
[EventDate "1996.??.??"]
[EventType "swiss"]
[EventRounds "9"]
[EventCountry "AUT"]
[Source "Fruth,M"]
[SourceDate "2003.05.15"]

1. d4 d5 2. c4 e6 3. Nc3 c5 4. cxd5 cxd4 5. Qa4+ Bd7 6. Qxd4 exd5 7. Qxd5 Nc6
8. Nf3 Nf6 9. Qd1 Bc5 10. e3 Qe7 11. a3 O-O-O 12. Qc2 Kb8 13. Bd2 Rhe8 14. Rc1
Nd4 15. Nxd4 Bxd4 16. Be2 Be5 17. Bf3 Qd6 18. Rd1 g5 19. Qb3 Qa6 20. Be2 Qc6
21. Bf3 Qc7 22. Nd5 Nxd5 23. Bxd5 Bg4 24. f3 Be6 25. Bxe6 Rxe6 26. Rc1 Qd7 27.
Rc2 Rd6 28. Qb4 f5 29. Ke2 f4 30. e4 g4 31. Bc3 gxf3+ 32. gxf3 Qg7 33. Rf1 Bd4
34. Bxd4 Rxd4 35. Qc3 Qg2+ 36. Rf2 Rxe4+ 0-1

[Event "Wiesbaden op"]
[Site "Wiesbaden"]
[Date "1996.??.??"]
[Round "3"]
[White "Kacheishvili, Giorgi"]
[Black "Bach, Matthias"]
[Result "0-1"]
[WhiteElo "2460"]
[BlackElo "2330"]
[PlyCount "62"]
[EventDate "1996.??.??"]
[EventType "swiss"]
[EventRounds "9"]
[EventCountry "GER"]
[Source "Fruth,M"]
[SourceDate "2003.05.15"]

1. d4 d5 2. c4 e6 3. Nc3 c5 4. cxd5 cxd4 5. Qa4+ Bd7 6. Qxd4 exd5 7. Qxd5 Nf6
8. Qd1 Nc6 9. Nf3 Bc5 10. e3 Qe7 11. Be2 g5 12. a3 O-O-O 13. Qc2 g4 14. Nd2 Kb8
15. b4 Bb6 16. Bb2 Rhg8 17. Nc4 Bc7 18. Nb5 Nxb4 19. axb4 Bxb5 20. O-O Ne4 21.
g3 Ng5 22. Bxg4 h5 23. Be2 Nh3+ 24. Kh1 Bc6+ 25. f3 h4 26. Na5 hxg3 27. Nxc6+
bxc6 28. hxg3 Rxg3 29. Qxc6 Nf2+ 30. Rxf2 Qh4+ 31. Rh2 Rg1+ 0-1

[Event "Yerevan op"]
[Site "Yerevan"]
[Date "1996.??.??"]
[Round "2"]
[White "Sturua, Zurab"]
[Black "Nadanian, Ashot"]
[Result "1-0"]
[WhiteElo "2540"]
[BlackElo "2345"]
[PlyCount "63"]
[EventDate "1996.??.??"]
[EventType "swiss"]
[EventRounds "11"]
[EventCountry "ARM"]
[Source "Fruth,M"]
[SourceDate "2003.05.15"]

1. d4 d5 2. c4 e6 3. Nc3 c5 4. cxd5 cxd4 5. Qa4+ Bd7 6. Qxd4 exd5 7. Qxd5 Nc6
8. e3 Nf6 9. Qb3 Bc5 10. Nf3 Qe7 11. Be2 O-O-O 12. a3 g5 13. Qc2 g4 14. Nd2 Kb8
15. b4 Bb6 16. Nc4 Bc7 17. Bb2 Rc8 18. Na4 b6 19. Rd1 Rhd8 20. O-O Ne5 21. Nxe5
Bxe5 22. Qb3 Ne4 23. Ba6 Rc6 24. Bxe5+ Qxe5 25. Qxf7 Rd6 26. Rxd6 Nxd6 27. Qb3
Ne4 28. Rd1 Qf6 29. Qc2 Nd6 30. Nc3 Qe5 31. Nd5 Ne4 32. Nf4 1-0

[Event "Donner mem op"]
[Site "Amsterdam"]
[Date "1996.??.??"]
[Round "9"]
[White "Janssen, Ruud"]
[Black "Vedder, Henk"]
[Result "1-0"]
[WhiteElo "2270"]
[BlackElo "2355"]
[PlyCount "85"]
[EventDate "1996.08.17"]
[EventType "swiss"]
[EventRounds "11"]
[EventCountry "NED"]
[Source "Fruth,M"]
[SourceDate "2003.05.15"]

1. c4 e6 2. Nc3 d5 3. d4 c5 4. cxd5 cxd4 5. Qa4+ Bd7 6. Qxd4 exd5 7. Qxd5 Nc6
8. Nf3 Nf6 9. Qd1 Bc5 10. e3 Qe7 11. Be2 O-O 12. O-O Bf5 13. Nd5 Nxd5 14. Qxd5
Be4 15. Qc4 Nb4 16. Bd2 Bd5 17. Qc3 Rac8 18. a3 Nc6 19. b4 Bb6 20. Qb2 Bxf3 21.
Bxf3 Ne5 22. Be2 Nc4 23. Bxc4 Rxc4 24. Rac1 Rg4 25. Rc2 Qg5 26. g3 h5 27. Rfc1
h4 28. Rc8 Qd5 29. Rxf8+ Kxf8 30. Qc2 h3 31. Kf1 f5 32. Ke2 Kf7 33. Qd3 Qe6 34.
f3 Rd4 35. Qc2 Rd5 36. a4 g5 37. a5 Bxe3 38. Bxe3 Re5 39. Qd3 f4 40. gxf4 gxf4
41. Qh7+ Ke8 42. Qh8+ Kd7 43. Qc8+ 1-0

[Event "Yerevan olm"]
[Site "Yerevan"]
[Date "1996.??.??"]
[Round "4"]
[White "Watanabe, Akira"]
[Black "Nadanian, Ashot"]
[Result "1-0"]
[WhiteElo "2275"]
[BlackElo "2325"]
[PlyCount "75"]
[EventDate "1996.09.??"]
[EventType "team"]
[EventRounds "14"]
[EventCountry "ARM"]
[Source "Fruth,M"]
[SourceDate "2003.05.15"]

1. d4 d5 2. c4 e6 3. Nc3 c5 4. cxd5 cxd4 5. Qa4+ Bd7 6. Qxd4 exd5 7. Qxd5 Nc6
8. Nf3 Nf6 9. Qd1 Bc5 10. e3 Qe7 11. Bd2 O-O-O 12. Be2 Kb8 13. a3 Bb6 14. Qc2
Rc8 15. O-O Rhg8 16. e4 g5 17. Bxg5 Rxg5 18. Nxg5 Nd4 19. Qd3 Rg8 20. Nf3 Ne6
21. Rad1 Rxg2+ 22. Kh1 Bc5 23. e5 Bc6 24. exf6 Qxf6 25. Nd5 Qh6 26. Qf5 Rg8 27.
Ne5 Bd6 28. f4 Ba4 29. Nxf7 Qf8 30. Qxe6 Rg6 31. Qf5 Bc2 32. Qxc2 Qxf7 33. Bf3
Rh6 34. Qe4 Re6 35. Qd4 a6 36. Rde1 Rh6 37. Qe4 Ka7 38. Qe3+ 1-0

[Event "Yerevan olm"]
[Site "Yerevan"]
[Date "1996.??.??"]
[Round "13"]
[White "Arlandi, Ennio"]
[Black "Garcia, Gildardo"]
[Result "1/2-1/2"]
[WhiteElo "2445"]
[BlackElo "2495"]
[PlyCount "127"]
[EventDate "1996.09.??"]
[EventType "team"]
[EventRounds "14"]
[EventCountry "ARM"]
[Source "Fruth,M"]
[SourceDate "2003.05.15"]

1. d4 d5 2. c4 e6 3. Nc3 c5 4. cxd5 cxd4 5. Qxd4 Nc6 6. Qd1 exd5 7. Qxd5 Bd7 8.
Nf3 Nf6 9. Qd1 Bc5 10. e3 Qe7 11. Be2 O-O-O 12. Bd2 Kb8 13. a3 g5 14. Qc2 g4
15. Nh4 Be6 16. b4 Bd6 17. Rd1 Be5 18. O-O h5 19. g3 Rc8 20. Qb1 Rhd8 21. Na4
b6 22. b5 Qxa3 23. Nxb6 axb6 24. bxc6 Qb3 25. Bb4 Rxd1 26. Rxd1 Qxb1 27. Rxb1
Rxc6 28. Bb5 Ba2 29. Bxc6 Bxb1 30. Ng2 Kc7 31. Bb5 Nd5 32. Ba3 Nc3 33. Bf1 Kc6
34. Nf4 Bxf4 35. gxf4 Be4 36. Bc4 Bd5 37. Bd3 b5 38. Bb4 Na2 39. Be7 Nc1 40.
Bc2 Bc4 41. Be4+ Kd7 42. Ba3 Ne2+ 43. Kg2 Ke6 44. f3 f5 45. Bb7 Bd5 46. Bc8+
Kf6 47. Bb2+ Kg6 48. e4 fxe4 49. f5+ Kg5 50. fxe4 Bxe4+ 51. Kf2 Nf4 52. f6 Nh3+
53. Ke3 Bd5 54. Bd7 Bf7 55. Bxb5 Nf4 56. Bc6 h4 57. Be5 Nh5 58. Bd7 g3 59. hxg3
hxg3 60. Ke2 Bc4+ 61. Ke1 Nf4 62. Bxf4+ Kxf4 63. f7 Bxf7 64. Kf1 1/2-1/2

[Event "GER-ch TT BL 2W 199697"]
[Site "GER"]
[Date "1996.??.??"]
[Round "?.7"]
[White "Hammes, Michael"]
[Black "Kienast, Joerg"]
[Result "1-0"]
[WhiteElo "2305"]
[BlackElo "2215"]
[PlyCount "39"]
[EventDate "1996.10.??"]
[EventType "team"]
[EventRounds "9"]
[EventCountry "GER"]
[Source "Fruth,M"]
[SourceDate "2003.05.15"]

1. d4 d5 2. c4 e6 3. Nc3 c5 4. cxd5 cxd4 5. Qa4+ Bd7 6. Qxd4 exd5 7. Nf3 Nc6 8.
Qd1 Bc5 9. e3 Nf6 10. Be2 Qe7 11. O-O O-O-O 12. a3 g5 13. b4 Bb6 14. Na4 Bc7
15. Bb2 g4 16. Nd4 h5 17. Nxc6 Bxc6 18. b5 Bd7 19. Qd4 Ne4 20. Qxa7 1-0

[Event "Bayern-ch TT Oberliga 199697"]
[Site "Bayern"]
[Date "1997.??.??"]
[Round "?"]
[White "Gruenberg, Hans Ulrich"]
[Black "Jirovsky, Milos"]
[Result "1-0"]
[WhiteElo "2410"]
[BlackElo "2430"]
[PlyCount "66"]
[EventDate "1996.10.15"]
[EventType "team"]
[EventRounds "9"]
[EventCountry "GER"]
[Source "Fruth,M"]
[SourceDate "2003.05.15"]

1. d4 d5 2. c4 e6 3. Nc3 c5 4. cxd5 cxd4 5. Qa4+ Bd7 6. Qxd4 exd5 7. Qxd5 Nc6
8. e3 Nf6 9. Qd1 Bc5 10. Nf3 Qe7 11. Be2 O-O-O 12. a3 Kb8 13. Qc2 g5 14. b4 Bb6
15. Bb2 g4 16. Nd2 Ne5 17. Nc4 Nxc4 18. Bxc4 Bc6 19. O-O g3 20. hxg3 Rhg8 21.
Rad1 Rxd1 22. Nxd1 Ne4 23. b5 Bd7 24. Nc3 Nxg3 25. Nd5 Qe4 26. Qxe4 Nxe4 27.
Nxb6 axb6 28. Bxf7 Rg5 29. f4 Rxb5 30. Be5+ Ka7 31. Bg8 Bf5 32. Rd1 Rc5 33. Bb3
Ka6 1-0

[Event "CZE-ch TT 199798"]
[Site "CZE"]
[Date "1998.04.05"]
[Round "11"]
[White "Firt, Stanislav"]
[Black "Pisk, Petr"]
[Result "0-1"]
[WhiteElo "2335"]
[BlackElo "2310"]
[PlyCount "102"]
[EventDate "1997.??.??"]
[EventType "swiss"]
[EventRounds "11"]
[EventCountry "CZE"]
[Source "Fruth,M"]
[SourceDate "2003.05.15"]

1. d4 d5 2. c4 e6 3. Nc3 c5 4. cxd5 cxd4 5. Qa4+ Bd7 6. Qxd4 exd5 7. Qxd5 Nc6
8. Nf3 Nf6 9. Qd1 Bc5 10. e3 Qe7 11. Be2 O-O-O 12. O-O g5 13. b4 Bxb4 14. Bb2
Rhg8 15. Rc1 g4 16. Nd4 Kb8 17. Ncb5 a6 18. Nxc6+ Bxc6 19. Nd4 Bd5 20. Bc4 Rg5
21. Bxd5 Nxd5 22. Qc2 Rh5 23. Nf5 Bd6 24. g3 Nb4 25. Qb1 Qd7 26. e4 Bf8 27.
Be5+ Ka8 28. Rc7 Qb5 29. Bf4 Bc5 30. a3 Nd3 31. Qxb5 axb5 32. Be3 Bxe3 33. fxe3
Ne5 34. Nd4 Nc4 35. Rcxf7 Nxe3 36. Rf8 Rxf8 37. Rxf8+ Ka7 38. Nf5 Nc4 39. Re8
Nxa3 40. Nd4 Nc4 41. e5 Rxe5 42. Rxe5 Nxe5 43. Nxb5+ Ka6 44. Nc3 b5 45. h3 gxh3
46. Kh2 b4 47. Nd5 b3 48. Kxh3 b2 49. Nc3 Ka5 50. Kg2 Kb4 51. Nb1 Nc4 0-1

[Event "Carlos Torre mem op"]
[Site "Merida"]
[Date "1997.??.??"]
[Round "4"]
[White "Vera, Reynaldo"]
[Black "Russek Libni, Guil"]
[Result "1-0"]
[WhiteElo "2530"]
[BlackElo "2425"]
[PlyCount "49"]
[EventDate "1997.??.??"]
[EventType "swiss"]
[EventRounds "9"]
[EventCountry "MEX"]
[Source "Fruth,M"]
[SourceDate "2003.05.15"]

1. d4 e6 2. c4 d5 3. Nc3 c5 4. cxd5 cxd4 5. Qa4+ Bd7 6. Qxd4 exd5 7. Qxd5 Nc6
8. Nf3 Nf6 9. Qd1 Bc5 10. e3 Qe7 11. Be2 O-O-O 12. O-O g5 13. b4 Bxb4 14. Bb2
g4 15. Nd4 h5 16. Ncb5 Bc5 17. Qc2 Rh6 18. Rac1 b6 19. Ba3 Kb8 20. Bxc5 bxc5
21. Nf5 Bxf5 22. Qxf5 Qe5 23. Qb1 Kc8 24. Nxa7+ Nxa7 25. Qb6 1-0

[Event "Chicago op"]
[Site "Chicago"]
[Date "1997.??.??"]
[Round "3"]
[White "Martinovsky, Eugene"]
[Black "Schiller, Eric"]
[Result "1/2-1/2"]
[WhiteElo "2265"]
[BlackElo "2210"]
[PlyCount "120"]
[EventDate "1997.05.26"]
[EventType "swiss"]
[EventRounds "7"]
[EventCountry "USA"]
[Source "Fruth,M"]
[SourceDate "2003.05.15"]

1. d4 d5 2. c4 e6 3. Nc3 c5 4. cxd5 cxd4 5. Qa4+ Bd7 6. Qxd4 exd5 7. Qxd5 Nf6
8. Qd1 Nc6 9. Nf3 Bc5 10. e3 Qe7 11. Be2 O-O 12. O-O Rfd8 13. a3 Rac8 14. Qc2
g6 15. Bd2 Bf5 16. Qb3 Ne5 17. Rad1 Bd6 18. Nd4 Bd3 19. Bxd3 Nxd3 20. Nd5 Nxd5
21. Qxd3 Qe5 22. g3 Qh5 23. Rc1 Nf6 24. Rxc8 Rxc8 25. Kg2 Qd5+ 26. f3 Bc5 27.
Bc3 Rd8 28. Rd1 Qa2 29. Rd2 Qd5 30. Qe2 Re8 31. e4 Qh5 32. Nc2 Re6 33. Rd8+ Bf8
34. Bb4 Re8 35. Rxe8 Nxe8 36. Bxf8 Kxf8 37. Qc4 Qg5 38. f4 Qg4 39. Ne3 Qd7 40.
Nd5 Qg4 41. Ne3 Qd7 42. Qc3 Kg8 43. h3 Qb5 44. Kf3 Qh5+ 45. Kf2 Qxh3 46. f5
Qh2+ 47. Ng2 Qh6 48. f6 Qg5 49. e5 Qf5+ 50. Kg1 g5 51. Qc5 Qe6 52. Ne3 h5 53.
Nd5 Qg4 54. Ne7+ Kh8 55. Qe3 h4 56. e6 Qd1+ 57. Kg2 h3+ 58. Kxh3 Nxf6 59. Kg2
Qc2+ 60. Kg1 Qd1+ 1/2-1/2

[Event "HUN-ch TT 2 199798"]
[Site "HUN"]
[Date "1997.??.??"]
[Round "?"]
[White "Banhazi, Istvan"]
[Black "Laszlo, Janos"]
[Result "0-1"]
[WhiteElo "2170"]
[BlackElo "2285"]
[PlyCount "134"]
[EventDate "1997.??.??"]
[EventType "team"]
[EventRounds "11"]
[EventCountry "HUN"]
[Source "Fruth,M"]
[SourceDate "2003.05.15"]

1. d4 d5 2. c4 e6 3. Nc3 c5 4. cxd5 cxd4 5. Qa4+ Bd7 6. Qxd4 exd5 7. Qxd5 Nf6
8. Qd1 Nc6 9. Nf3 Bc5 10. e3 Qe7 11. Be2 O-O-O 12. O-O g5 13. a3 g4 14. Nd2
Rhg8 15. Qc2 Kb8 16. Nc4 Ne5 17. Nxe5 Qxe5 18. g3 Bc6 19. b4 Bd6 20. f4 gxf3
21. Bxf3 Nh5 22. Bxc6 Nxg3 23. Rf4 Qxc3 24. Qxc3 Ne2+ 25. Kf2 Nxc3 26. Bf3 Bxf4
27. exf4 f5 28. Be3 Ne4+ 29. Ke2 Rc8 30. Bd4 Rc2+ 31. Kd3 Rd2+ 32. Ke3 Rxh2 33.
Bxe4 fxe4 34. Be5+ Kc8 35. Rc1+ Kd7 36. Kxe4 Re2+ 37. Kd5 Rd2+ 38. Ke4 Re2+ 39.
Kf3 Ra2 40. Rc7+ Ke6 41. Rxh7 Rg1 42. Rh6+ Kd5 43. Rd6+ Kc4 44. Rd4+ Kb3 45.
Rd7 Rxa3 46. Rxb7 a6 47. Ke4 Ra4 48. Bd6 a5 49. f5 Re1+ 50. Kd5 axb4 51. f6
Ra5+ 52. Bc5 Rd1+ 53. Kc6 Ra6+ 54. Bb6 Kc4 55. f7 Rf1 56. Kd6 Rxb6+ 57. Rxb6
Rxf7 58. Rb8 b3 59. Ke5 Rd7 60. Rc8+ Kb4 61. Rb8+ Kc3 62. Rc8+ Kb2 63. Rb8 Kc2
64. Rc8+ Kb1 65. Rb8 b2 66. Ra8 Rc7 67. Kd6 Rc3 0-1

[Event "SWE-ch"]
[Site "Haninge"]
[Date "1997.??.??"]
[Round "11"]
[White "Malmstig, Erik"]
[Black "Jepson, Christian"]
[Result "0-1"]
[WhiteElo "2365"]
[BlackElo "2380"]
[PlyCount "78"]
[EventDate "1997.??.??"]
[EventType "tourn"]
[EventRounds "13"]
[EventCountry "SWE"]
[EventCategory "6"]
[Source "Fruth,M"]
[SourceDate "2003.05.15"]

1. d4 d5 2. c4 e6 3. Nc3 c5 4. cxd5 cxd4 5. Qa4+ Bd7 6. Qxd4 exd5 7. Qxd5 Nc6
8. Bg5 Nf6 9. Qd2 Qa5 10. e4 O-O-O 11. Bc4 Bb4 12. Bxf6 gxf6 13. Nge2 Rhg8 14.
O-O-O Rxg2 15. Nf4 Bxc3 16. bxc3 Rg4 17. Bxf7 Qe5 18. Nd5 f5 19. f4 Qg7 20. Bh5
Rg2 21. Qe3 Rxa2 22. Rhg1 Qf8 23. c4 fxe4 24. Rg3 Qh6 25. Qc5 Ra5 26. Ne7+ Kc7
27. Nd5+ Kc8 28. Ne7+ Kc7 29. Nd5+ Kb8 30. Qe3 Qxh5 31. Kb2 Qxh2+ 32. Rd2 Qh1
33. Rg1 Qh3 34. Rg3 Qh6 35. Rg5 Qd6 36. Rg7 Qc5 37. Qc3 e3 38. Nxe3 Bc8 39.
Rxd8 Nxd8 0-1

[Event "San Francisco T"]
[Site "San Francisco"]
[Date "1997.??.??"]
[Round "?"]
[White "Izumikawa, Burt"]
[Black "Schiller, Eric"]
[Result "0-1"]
[WhiteElo "2390"]
[BlackElo "2205"]
[PlyCount "106"]
[EventDate "1997.??.??"]
[EventCountry "USA"]
[Source "Fruth,M"]
[SourceDate "2003.05.15"]

1. d4 d5 2. c4 e6 3. Nc3 c5 4. cxd5 cxd4 5. Qa4+ Bd7 6. Qxd4 exd5 7. Qxd5 Nc6
8. Qd1 Nf6 9. e3 Bc5 10. Nf3 Qe7 11. Bb5 O-O 12. O-O Rfd8 13. Qe2 Bg4 14. Bxc6
bxc6 15. b3 Nd7 16. h3 Bh5 17. Bb2 Bd6 18. Nb1 Be5 19. g4 Bg6 20. Nc3 h5 21.
Rfd1 hxg4 22. hxg4 Bc7 23. Kg2 Nf6 24. Nd4 Re8 25. Rh1 Qd7 26. Rh4 c5 27. Rah1
Nh7 28. Nf5 Rad8 29. Qf3 f6 30. Rd1 Qe6 31. Rxd8 Rxd8 32. Ne4 Rd5 33. Nc3 Bxf5
34. gxf5 Rxf5 35. Qa8+ Nf8 36. Ne4 Qa6 37. a4 Qe2 38. Ba3 Qf3+ 39. Kf1 Qxe3 40.
Qd5+ Rxd5 41. fxe3 Ne6 42. Ke2 Ba5 43. Nxc5 Nxc5 44. Bxc5 Rxc5 45. b4 g5 46.
Rd4 Re5 47. bxa5 Rxa5 48. Kd3 Kf7 49. Kc3 Ke6 50. Kb4 Re5 51. e4 g4 52. Kb3 g3
53. Rd3 g2 0-1

[Event "Wiesbaden op"]
[Site "Wiesbaden"]
[Date "1997.??.??"]
[Round "6"]
[White "Franke, Thomas"]
[Black "Treffert, Peter"]
[Result "0-1"]
[WhiteElo "2210"]
[BlackElo "2335"]
[PlyCount "60"]
[EventDate "1997.??.??"]
[EventType "swiss"]
[EventRounds "9"]
[EventCountry "GER"]
[Source "Fruth,M"]
[SourceDate "2003.05.15"]

1. d4 d5 2. c4 e6 3. Nc3 c5 4. cxd5 cxd4 5. Qxd4 Nc6 6. Qa4 exd5 7. e4 dxe4 8.
Qxe4+ Be7 9. Bg5 Be6 10. Bxe7 Ngxe7 11. Bb5 O-O 12. Nge2 a6 13. Bxc6 Nxc6 14.
O-O Re8 15. Qf4 b5 16. Rfd1 Qa5 17. Nd4 Nxd4 18. Rxd4 Rad8 19. a3 Bb3 20. h3 h6
21. Rxd8 Qxd8 22. Qb4 Bc4 23. Rd1 Qb6 24. Qd6 Re1+ 25. Kh2 Qxf2 26. Rxe1 Qxe1
27. Qxa6 Qe5+ 28. Kh1 Qe1+ 29. Kh2 Qd2 30. Nxb5 Qf4+ 0-1

[Event "Wiesbaden op"]
[Site "Wiesbaden"]
[Date "1997.??.??"]
[Round "8"]
[White "Wornath, Kai Rudolf"]
[Black "Treffert, Peter"]
[Result "0-1"]
[WhiteElo "2230"]
[BlackElo "2335"]
[PlyCount "78"]
[EventDate "1997.??.??"]
[EventType "swiss"]
[EventRounds "9"]
[EventCountry "GER"]
[Source "Fruth,M"]
[SourceDate "2003.05.15"]

1. d4 d5 2. c4 e6 3. Nc3 c5 4. cxd5 cxd4 5. Qa4+ Bd7 6. Qxd4 exd5 7. Qxd5 Nf6
8. Qd1 Nc6 9. a3 Bc5 10. e3 Qe7 11. Nf3 O-O-O 12. Bd2 Kb8 13. Qc2 Rc8 14. Bd3
g5 15. O-O Ne5 16. Nd4 g4 17. Bf5 Rhg8 18. Bxd7 Nfxd7 19. Qf5 h5 20. Ne4 h4 21.
Nxc5 Nxc5 22. Bb4 g3 23. fxg3 hxg3 24. h3 a5 25. Bxa5 Nc4 26. Qf4+ Ka8 27. Bb4
Qxe3+ 28. Qxe3 Nxe3 29. Rxf7 Rge8 30. Nf5 Nb3 31. Rb1 Nxf5 32. Rxf5 Nc1 33. Rf1
Ne2+ 34. Kh1 Rc2 35. Rf8 Rxf8 36. Bxf8 b6 37. Bg7 Kb7 38. Re1 Nf4 39. Bc3 Rxg2
0-1

[Event "Bayern-ch TT 199798 Oberliga"]
[Site "Bayern"]
[Date "1998.??.??"]
[Round "?.1"]
[White "Arbakov, Valentin"]
[Black "Cech, Pavel"]
[Result "1-0"]
[WhiteElo "2475"]
[BlackElo "2365"]
[PlyCount "112"]
[EventDate "1997.02.01"]
[EventType "team"]
[EventRounds "9"]
[EventCountry "GER"]
[Source "Fruth,M"]
[SourceDate "2003.05.15"]

1. c4 e6 2. d4 d5 3. Nc3 c5 4. cxd5 cxd4 5. Qxd4 Nc6 6. Qd1 exd5 7. Qxd5 Bd7 8.
e3 Nf6 9. Qb3 Bc5 10. Nf3 Qe7 11. a3 O-O-O 12. Qc2 g5 13. Be2 Kb8 14. b4 g4 15.
Nd2 Bd6 16. Bb2 Rc8 17. Nc4 Ne5 18. Nxd6 Qxd6 19. Rd1 Qe6 20. Rd4 Bc6 21. e4
Rhd8 22. Qd2 Rxd4 23. Qxd4 Ng6 24. O-O Nxe4 25. Bc4 Qe7 26. Nxe4 Bxe4 27. Rc1
f5 28. Bf1 Rxc1 29. Bxc1 a6 30. Be3 Kc8 31. Bc4 Qe5 32. Qd1 h5 33. Bb6 Qe7 34.
Qd4 Nf4 35. g3 Nh3+ 36. Kf1 Bc6 37. Be6+ Kb8 38. Qe5+ Ka8 39. Qh8+ Qe8 40.
Qxe8+ Bxe8 41. Bxf5 Ng5 42. Ke2 Nf3 43. Ke3 Nxh2 44. Kd4 Nf3+ 45. Kc5 Nd2 46.
Bd3 Nf3 47. Bd8 Ne5 48. Bc2 Kb8 49. a4 Bc6 50. Bg5 Ka7 51. Bd2 Be8 52. Be3 Nf3
53. Kd6+ Kb8 54. Bf4 Ka8 55. a5 h4 56. gxh4 Nxh4 1-0

[Event "RUS-Cup4"]
[Site "Perm"]
[Date "1997.02.14"]
[Round "7"]
[White "Volzhin, Alexander"]
[Black "Genba, Vladimir"]
[Result "0-1"]
[WhiteElo "2505"]
[BlackElo "2415"]
[PlyCount "48"]
[EventDate "1997.02.02"]
[EventType "swiss"]
[EventRounds "9"]
[EventCountry "RUS"]
[Source "Fruth,M"]
[SourceDate "2003.05.15"]

1. d4 d5 2. c4 e6 3. Nc3 c5 4. cxd5 cxd4 5. Qxd4 Nc6 6. Qd1 exd5 7. Qxd5 Bd7 8.
Nf3 Nf6 9. Qd1 Bc5 10. e3 Qe7 11. Be2 O-O-O 12. O-O g5 13. b4 g4 14. bxc5 gxf3
15. Bxf3 Ne5 16. Be2 Rhg8 17. g3 Qe6 18. Qd4 Bc6 19. Qf4 Qh3 20. e4 Nfg4 21.
Bxg4+ Nxg4 22. Re1 Rg6 23. Qf3 Rf6 24. Bf4 Rd3 0-1

[Event "Passau op"]
[Site "Passau"]
[Date "1997.??.??"]
[Round "?"]
[White "Kamp, Christoph"]
[Black "Euler, Gerd"]
[Result "0-1"]
[WhiteElo "2295"]
[BlackElo "2360"]
[PlyCount "78"]
[EventDate "1997.04.??"]
[EventType "swiss"]
[EventRounds "7"]
[EventCountry "GER"]
[Source "Fruth,M"]
[SourceDate "2003.05.15"]

1. c4 e6 2. Nc3 d5 3. d4 c5 4. cxd5 cxd4 5. Qa4+ Bd7 6. Qxd4 exd5 7. Qxd5 Nc6
8. Bg5 Nf6 9. Qd2 Qa5 10. Bxf6 gxf6 11. e3 O-O-O 12. Qc1 Bf5 13. a3 Bh6 14. b4
Qb6 15. b5 Rhe8 16. bxc6 Rxe3+ 17. fxe3 Bxe3 18. cxb7+ Kb8 19. Bb5 Bxc1 20.
Rxc1 a6 21. Bc4 Qc6 22. Bf1 Re8+ 23. Nge2 Qc5 24. g4 Bxg4 25. h3 Bh5 26. Rh2
Qe3 27. Kd1 Rd8+ 28. Ke1 Re8 29. Kd1 Qd3+ 30. Ke1 f5 31. Rf2 f4 32. Na4 f3 33.
Rc8+ Rxc8 34. bxc8=Q+ Kxc8 35. Ng3 Qe3+ 36. Be2 fxe2 37. Nxh5 Qc1+ 38. Kxe2
Qc2+ 39. Kf1 Qxa4 0-1

[Event "Bodensee-Cup"]
[Site "Steckborn"]
[Date "1997.??.??"]
[Round "1"]
[White "Fahnenschmidt, Gerhard"]
[Black "Niedermaier, Hans"]
[Result "1/2-1/2"]
[WhiteElo "2385"]
[BlackElo "2250"]
[PlyCount "82"]
[EventDate "1997.05.??"]
[EventType "team"]
[EventRounds "3"]
[EventCountry "SUI"]
[Source "Fruth,M"]
[SourceDate "2003.05.15"]

1. d4 d5 2. c4 e6 3. Nc3 c5 4. cxd5 cxd4 5. Qa4+ Bd7 6. Qxd4 exd5 7. Qxd5 Nf6
8. Qxb7 Nc6 9. Bf4 Nb4 10. Rc1 Rc8 11. e4 Bc5 12. Bb5 O-O 13. Rd1 Nc2+ 14. Kf1
Bxb5+ 15. Qxb5 Nd4 16. Qd3 Ne6 17. Qxd8 Rfxd8 18. Bd2 Bb4 19. Nge2 Rd3 20. f3
g5 21. Nc1 Rd7 22. Kf2 Bc5+ 23. Be3 Rb7 24. Nd3 Bxe3+ 25. Kxe3 Nf4 26. Nxf4
gxf4+ 27. Kxf4 Rxb2 28. Rc1 Rxg2 29. e5 Rc4+ 30. Kf5 Ne8 31. Ne4 Ng7+ 32. Kf4
Ne6+ 33. Ke3 Rxc1 34. Rxc1 Rxa2 35. Nf6+ Kf8 36. Rc8+ Kg7 37. Rg8+ Kh6 38. Rg4
Ra3+ 39. Ke2 Ra2+ 40. Kf1 Rxh2 41. Ng8+ Kh5 1/2-1/2